[Event "POL-chT 2nd League"]
[Site "Sypniewo"]
[Date "2021.09.07"]
[Round "4.15"]
[White "Kolodziejski, Piotr"]
[Black "Janiszewski, Filip"]
[Result "1-0"]
[WhiteElo "2048"]
[BlackElo "1983"]
[PlyCount "119"]
[EventDate "2021.09.04"]
[EventType "team-swiss"]
[EventRounds "9"]
[EventCountry "POL"]
[SourceTitle "CBM 204 Extra"]
[Source "ChessBase"]
[SourceDate "2021.11.30"]
[SourceVersion "1"]
[SourceVersionDate "2021.11.30"]
[SourceQuality "1"]
[WhiteTeam "Legnica Miedz II"]
[BlackTeam "Kalisz KTS"]
[WhiteTeamCountry "POL"]
[BlackTeamCountry "POL"]

1. e4 c5 2. Ne2 d6 3. g3 Nc6 4. Bg2 g6 5. c3 Bg7 6. d4 cxd4 7. cxd4 e5 8. dxe5 dxe5 9. Qxd8+ Kxd8 10. 0-0 Nge7 11. Na3 Be6 12. Be3 Nd4 13. Rfd1 Nec6 14. Nb5 Ke7 15. Nbxd4 Nxd4 16. Nxd4 exd4 17. Bxd4 Bxd4 18. Rxd4 Rhd8 19. Rad1 Rxd4 20. Rxd4 Rc8 21. Bf1 Rc2 22. Rb4 b6 23. Kg2 Kd6 24. Kf3 Bxa2 25. Bd3 Rc7 26. Rd4+ Ke7 27. Ke3 a5 28. f4 Rd7 29. Bb5 Rxd4 30. Kxd4 Kd6 31. e5+ Kc7 32. h4 h5 33. f5 Bb1 34. e6 fxe6 35. fxg6 Bxg6 36. Ke5 Bf5 37. Be2 Kc6 38. Bxh5 Kd7 39. g4 Bc2 40. Bf7 b5 41. Bxe6+ Ke7 42. Bf5 Bd1 43. Kd5 Kf6 44. Kc5 Be2 45. Bd7 Kg6 46. Kb6 a4 47. Kc5 Kh6 48. Kd4 Bxg4 49. Bxb5 Kh5 50. Bxa4 Kxh4 51. b4 Be2 52. Kc5 Kg5 53. Bb3 Kf6 54. Bc4 Bf3 55. Kd6 Bb7 56. b5 Ba8 57. Bd5 Bxd5 58. Kxd5 Ke7 59. Kc6 Kd8 60. Kb7 1-0

[Event "POL-chT 2nd League"]
[Site "Jastrzebia Gora"]
[Date "2019.09.14"]
[Round "8.22"]
[White "Janiszewski, Filip"]
[Black "Ciasnocha, Michal"]
[Result "1-0"]
[WhiteElo "1967"]
[BlackElo "1811"]
[PlyCount "57"]
[EventDate "2019.09.07"]
[EventType "team-swiss"]
[EventRounds "9"]
[EventCountry "POL"]
[SourceTitle "EXT 2020"]
[Source "ChessBase"]
[SourceDate "2019.10.17"]
[SourceVersion "1"]
[SourceVersionDate "2019.10.17"]
[SourceQuality "1"]
[WhiteTeam "Kalisz KTS"]
[BlackTeam "Rzeszow RzKSz"]
[WhiteTeamCountry "POL"]
[BlackTeamCountry "POL"]

1. e4 e5 2. Bc4 Nf6 3. d4 exd4 4. Nf3 Nc6 5. e5 d5 6. Bb5 Ne4 7. Nxd4 Bd7 8. Bxc6 bxc6 9. 0-0 Be7 10. f3 Nc5 11. Be3 0-0 12. f4 f5 13. c4 Ne4 14. Nb3 Be6 15. c5 Qe8 16. Bd4 h6 17. Nc3 g5 18. Ne2 Qg6 19. Rc1 g4 20. Na5 Bd7 21. b4 a6 22. Be3 Rab8 23. a3 Rb5 24. Qe1 h5 25. Nd4 Rxa5 26. bxa5 Bxc5 27. e6 Bxe6 28. Rxc5 Nxc5 29. Nxc6 1-0

[Event "POL-chT 2nd League"]
[Site "Jastrzebia Gora"]
[Date "2019.09.12"]
[Round "6.16"]
[White "Janiszewski, Filip"]
[Black "Bartkowiak, Damian"]
[Result "0-1"]
[WhiteElo "1967"]
[BlackElo "2085"]
[PlyCount "132"]
[EventDate "2019.09.07"]
[EventType "team-swiss"]
[EventRounds "9"]
[EventCountry "POL"]
[SourceTitle "EXT 2020"]
[Source "ChessBase"]
[SourceDate "2019.10.17"]
[SourceVersion "1"]
[SourceVersionDate "2019.10.17"]
[SourceQuality "1"]
[WhiteTeam "Kalisz KTS"]
[BlackTeam "Zakrzewo Korona"]
[WhiteTeamCountry "POL"]
[BlackTeamCountry "POL"]

1. e4 c6 2. d4 d5 3. e5 Bf5 4. Nc3 e6 5. g4 Bg6 6. Nge2 c5 7. h4 h5 8. Nf4 Nc6 9. Nxg6 fxg6 10. Bd3 cxd4 11. Bxg6+ Kd7 12. Nxd5 exd5 13. Bf4 Qa5+ 14. Kf1 Rd8 15. Qe2 hxg4 16. e6+ Kc8 17. e7 Ngxe7 18. Qxg4+ Rd7 19. Be8 Qd8 20. Bxd7+ Qxd7 21. Qxd7+ Kxd7 22. Re1 Ng6 23. Bg3 Rh5 24. Kg2 Be7 25. Kf3 Nce5+ 26. Bxe5 Nxe5+ 27. Kg3 Rxh4 28. Rxh4 Bxh4+ 29. Kf4 Nc4 30. Kf3 Kc6 31. Rd1 Nxb2 32. Rxd4 Bf6 33. Rg4 b5 34. Ke2 Kc5 35. Rg3 a5 36. Kd2 a4 37. c3 Nc4+ 38. Kd3 Ne5+ 39. Kc2 Nc6 40. Rg4 Ne7 41. Kd3 Nf5 42. Rf4 Nd6 43. f3 Nc4 44. Rf5 Ne5+ 45. Kc2 Nc6 46. Rh5 b4 47. cxb4+ Nxb4+ 48. Kb1 Kc4 49. Rh8 a3 50. f4 Nc6 51. Rc8 Kc5 52. Ra8 Bb2 53. f5 Ne7 54. Rf8 Kd6 55. Rf7 Bf6 56. Rf8 Nxf5 57. Ra8 Bb2 58. Ra6+ Ke5 59. Rg6 Kf4 60. Kc2 Nh4 61. Rg1 g5 62. Rd1 d4 63. Kb1 g4 64. Rh1 Nf3 65. Re1 g3 66. Re2 Nh4 0-1

[Event "POL-chT 2nd League"]
[Site "Jastrzebia Gora"]
[Date "2019.09.07"]
[Round "1.22"]
[White "Janiszewski, Filip"]
[Black "Mazurkiewicz, Michal"]
[Result "0-1"]
[WhiteElo "1967"]
[BlackElo "2215"]
[PlyCount "115"]
[EventDate "2019.09.07"]
[EventType "team-swiss"]
[EventRounds "9"]
[EventCountry "POL"]
[SourceTitle "EXT 2020"]
[Source "ChessBase"]
[SourceDate "2019.10.17"]
[SourceVersion "1"]
[SourceVersionDate "2019.10.17"]
[SourceQuality "1"]
[WhiteTeam "Kalisz KTS"]
[BlackTeam "Zielonka Zieloni"]
[WhiteTeamCountry "POL"]
[BlackTeamCountry "POL"]

1. e4 d6 2. d4 Nf6 3. Nc3 c6 4. f4 Qb6 5. Be2 g6 6. e5 Nd5 7. Nxd5 cxd5 8. Bd3 Bd7 9. Nf3 Bg4 10. c3 Nd7 11. h3 Bxf3 12. Qxf3 e6 13. 0-0 Be7 14. Kh1 0-0 15. Qg4 dxe5 16. fxe5 f5 17. Qe2 Kh8 18. g3 Rg8 19. Kg2 Raf8 20. b3 a6 21. Bd2 Rf7 22. Rf2 Nf8 23. h4 g5 24. h5 g4 25. Be3 Bg5 26. c4 Qc6 27. Kg1 h6 28. cxd5 Qxd5 29. Bc4 Qd7 30. Rd1 b5 31. Bxe6 Nxe6 32. d5 Bxe3 33. Qxe3 Ng5 34. e6 Qa7 35. Qxa7 Rxa7 36. Rxf5 Kg7 37. Rc1 Rf8 38. Rxf8 Kxf8 39. Rc8+ Ke7 40. Rh8 Kd6 41. Rxh6 Kxd5 42. Rg6 Nf3+ 43. Kg2 Ne5 44. e7 Rxe7 45. Rxa6 Rc7 46. Ra5 Rc2+ 47. Kf1 Ke4 48. Rxb5 Rxa2 49. h6 Rh2 50. h7 Rxh7 51. Kg2 Nf3 52. Rb8 Rh2+ 53. Kf1 Rb2 54. b4 Nd4 55. Rf8 Ke3 56. Rf7 Rxb4 57. Rf2 Rb1+ 58. Kg2 0-1

[Event "POL-chT U20 1st League"]
[Site "Kudowa Zdroj"]
[Date "2018.07.25"]
[Round "5.7"]
[White "Teclaf, Pawel"]
[Black "Janiszewski, Filip"]
[Result "1-0"]
[WhiteElo "2399"]
[BlackElo "1953"]
[PlyCount "45"]
[EventDate "2018.07.21"]
[EventType "team-tourn"]
[EventRounds "9"]
[EventCountry "POL"]
[SourceTitle "CBM 186 Extra"]
[Source "ChessBase"]
[SourceDate "2018.08.24"]
[SourceVersion "1"]
[SourceVersionDate "2018.08.24"]
[SourceQuality "1"]

1. e4 c5 2. Nf3 d6 3. d4 cxd4 4. Nxd4 Nf6 5. Nc3 a6 6. Nb3 e6 7. g4 h6 8. Bg2 Be7 9. h4 Nfd7 10. Bf4 Ne5 11. Bg3 Nbc6 12. Qe2 b5 13. 0-0-0 h5 14. gxh5 Bd7 15. f4 Nc4 16. e5 d5 17. f5 b4 18. Nxd5 exd5 19. Bxd5 Bg5+ 20. hxg5 Qxg5+ 21. Kb1 Ne3 22. e6 Nxd1 23. exd7+ 1-0

[Event "POL-chT U20 1st League"]
[Site "Kudowa Zdroj"]
[Date "2018.07.22"]
[Round "2.25"]
[White "Janik, Igor"]
[Black "Janiszewski, Filip"]
[Result "1-0"]
[WhiteElo "2420"]
[BlackElo "1953"]
[PlyCount "92"]
[EventDate "2018.07.21"]
[EventType "team-tourn"]
[EventRounds "9"]
[EventCountry "POL"]
[SourceTitle "CBM 186 Extra"]
[Source "ChessBase"]
[SourceDate "2018.08.24"]
[SourceVersion "1"]
[SourceVersionDate "2018.08.24"]
[SourceQuality "1"]

1. e4 c5 2. Nf3 d6 3. Bb5+ Bd7 4. c4 Bxb5 5. cxb5 Nf6 6. Nc3 e6 7. 0-0 Be7 8. d4 cxd4 9. Qxd4 Nbd7 10. h3 Qb6 11. Qc4 Qc5 12. Qd3 Rc8 13. Rd1 0-0 14. Bf4 Ne5 15. Nxe5 dxe5 16. Be3 Qc7 17. Rac1 Qb8 18. a3 Bc5 19. Bxc5 Rxc5 20. Qe3 b6 21. Rd3 Rd8 22. Rcd1 Rxd3 23. Qxd3 g6 24. Na2 Qc7 25. Nb4 Rc1 26. Nc6 Rxd1+ 27. Qxd1 Nxe4 28. Qe2 Nc5 29. Qxe5 Qxe5 30. Nxe5 a5 31. bxa6 Nxa6 32. f4 Nc7 33. Kf2 Nd5 34. g3 f6 35. Nc4 Kf8 36. Ne3 Nc7 37. Ke2 Ke7 38. Kd3 Kd6 39. a4 Kc6 40. Kc4 Ne8 41. b4 Nd6+ 42. Kd4 h5 43. g4 hxg4 44. Nxg4 Ne8 45. h4 Kb7 46. Nh6 Nc7 1-0

[Event "POL-chT U19 2nd League"]
[Site "Iwonicz"]
[Date "2016.07.31"]
[Round "7.20"]
[White "Golenia, Jan"]
[Black "Janiszewski, Filip"]
[Result "1-0"]
[WhiteElo "1860"]
[BlackElo "1996"]
[PlyCount "43"]
[EventDate "2016.07.23"]
[EventType "team-swiss"]
[EventRounds "11"]
[EventCountry "POL"]
[SourceTitle "EXT 2019"]
[Source "ChessBase"]
[SourceDate "2018.10.10"]
[SourceVersion "1"]
[SourceVersionDate "2018.10.10"]
[SourceQuality "1"]
[WhiteTeam "Wieliczka MKS MOS U19"]
[BlackTeam "Kalisz KTS U19"]
[WhiteTeamCountry "POL"]
[BlackTeamCountry "POL"]

1. d4 Nf6 2. c4 g6 3. Nc3 Bg7 4. e4 d6 5. f3 0-0 6. Be3 Nc6 7. Nge2 e5 8. d5 Ne7 9. Qd2 c5 10. 0-0-0 a6 11. g4 b5 12. Ng3 Qa5 13. Kb1 bxc4 14. h4 Rb8 15. Rc1 Qb4 16. h5 Bxg4 17. fxg4 Nxg4 18. Nd1 f5 19. exf5 gxf5 20. Rxc4 Qb7 21. Nxf5 Nxd5 22. Qxd5+ 1-0

[Event "POL-chT U19 2nd League"]
[Site "Iwonicz"]
[Date "2016.07.31"]
[Round "6.14"]
[White "Janiszewski, Filip"]
[Black "Kaminski, Piotr1"]
[Result "1-0"]
[WhiteElo "1996"]
[BlackElo "1902"]
[PlyCount "135"]
[EventDate "2016.07.23"]
[EventType "team-swiss"]
[EventRounds "11"]
[EventCountry "POL"]
[SourceTitle "EXT 2019"]
[Source "ChessBase"]
[SourceDate "2018.10.10"]
[SourceVersion "1"]
[SourceVersionDate "2018.10.10"]
[SourceQuality "1"]
[WhiteTeam "Kalisz KTS U19"]
[BlackTeam "Gniezno LKS Chrobry U19"]
[WhiteTeamCountry "POL"]
[BlackTeamCountry "POL"]

1. e4 e6 2. d4 d5 3. Nd2 c5 4. Ngf3 cxd4 5. exd5 Qxd5 6. Bc4 Qd6 7. 0-0 Nf6 8. Nb3 Nc6 9. Nbxd4 Nxd4 10. Nxd4 Be7 11. Be3 0-0 12. Qf3 Qc7 13. Bb3 Bd7 14. a4 a6 15. h3 Rac8 16. Rfd1 Bc6 17. Nxc6 Qxc6 18. Qxc6 Rxc6 19. Rd3 h6 20. c3 Rfc8 21. Bd1 e5 22. Bc2 Kf8 23. a5 Bc5 24. Re1 Ne8 25. Ba4 Rd6 26. Red1 Rxd3 27. Rxd3 Nf6 28. Bxc5+ Rxc5 29. Rd8+ Ke7 30. Rb8 Rc7 31. Kf1 Kd6 32. Ke2 Ne4 33. Bc2 Nc5 34. Ke3 Kd5 35. b4 Ne6 36. Be4+ Kc4 37. Bxb7 Kxc3 38. Bxa6 Nd4 39. b5 Kb4 40. b6 Rc3+ 41. Ke4 Kxa5 42. Bc8 Rb3 43. b7 Kb6 44. Ra8 Kc7 45. Ra5 f6 46. Rd5 Rb2 47. Rd7+ Kb8 48. Rxg7 Rxf2 49. Kd5 Rc2 50. h4 Nb5 51. Rg6 h5 52. Rxf6 Rxg2 53. Kxe5 Rh2 54. Rf4 Re2+ 55. Kf6 Nd6 56. Kg6 Re5 57. Rf8 Nxb7 58. Bf5+ Kc7 59. Kxh5 Nc5 60. Kg6 Kd6 61. h5 Ke7 62. Rf7+ Ke8 63. h6 Re2 64. Kg7 Rg2+ 65. Bg6 Ne6+ 66. Kf6 Rf2+ 67. Kxe6 Rxf7 68. h7 1-0

[Event "POL-chT U19 2nd League"]
[Site "Iwonicz"]
[Date "2016.07.31"]
[Round "11.14"]
[White "Maminski, Hubert"]
[Black "Janiszewski, Filip"]
[Result "1-0"]
[WhiteElo "1801"]
[BlackElo "1996"]
[PlyCount "80"]
[EventDate "2016.07.23"]
[EventType "team-swiss"]
[EventRounds "11"]
[EventCountry "POL"]
[SourceTitle "EXT 2019"]
[Source "ChessBase"]
[SourceDate "2018.10.10"]
[SourceVersion "1"]
[SourceVersionDate "2018.10.10"]
[SourceQuality "1"]
[WhiteTeam "Chylice KS Laura U19 II"]
[BlackTeam "Kalisz KTS U19"]
[WhiteTeamCountry "POL"]
[BlackTeamCountry "POL"]

1. d4 d5 2. c4 e6 3. Nf3 Nf6 4. e3 c6 5. Nc3 Nbd7 6. Bd3 Be7 7. 0-0 dxc4 8. Bxc4 b5 9. Bd3 a6 10. Ne4 Bb7 11. Qc2 Nd5 12. a3 Qb6 13. Bd2 a5 14. Rfc1 h6 15. Nc5 Bxc5 16. dxc5 Qc7 17. b4 axb4 18. axb4 0-0 19. Bc3 Rfe8 20. Qb2 Nxc3 21. Qxc3 e5 22. Rxa8 Bxa8 23. Ra1 Bb7 24. Nd2 Nf6 25. Ne4 Nxe4 26. Bxe4 Bc8 27. h3 f5 28. Bc2 Be6 29. Rd1 e4 30. Rd6 Bc4 31. Qd4 Re7 32. Qc3 Rd7 33. Qe5 Rxd6 34. cxd6 Qd7 35. Bd1 Kf7 36. f3 Bd5 37. fxe4 Bxe4 38. Bb3+ Kf8 39. Be6 Qa7 40. Kh2 Qb8 1-0

[Event "POL-chT U19 Wielkopolskie"]
[Site "Poland"]
[Date "2016.04.03"]
[Round "9.2"]
[White "Janiszewski, Filip"]
[Black "Markiewicz, Krzysztof"]
[Result "1-0"]
[WhiteElo "1922"]
[BlackElo "1355"]
[PlyCount "53"]
[EventDate "2016.02.13"]
[EventType "team-tourn"]
[EventRounds "9"]
[EventCountry "POL"]
[SourceTitle "EXT 2019"]
[Source "ChessBase"]
[SourceDate "2018.10.10"]
[SourceVersion "1"]
[SourceVersionDate "2018.10.10"]
[SourceQuality "1"]

1. e4 c5 2. Nf3 d6 3. d4 cxd4 4. Nxd4 Nf6 5. Nc3 g6 6. Be3 Bg7 7. f3 Nc6 8. Qd2 Nxd4 9. Bxd4 Be6 10. 0-0-0 a6 11. g4 0-0 12. Kb1 b5 13. h4 Bc4 14. h5 gxh5 15. gxh5 h6 16. Bxf6 exf6 17. Rg1 Kh7 18. Bh3 Be6 19. Qh2 Bxh3 20. Qxh3 Qc8 21. Qh2 Qc5 22. Nd5 Rad8 23. Qf4 Rg8 24. Rg2 Bh8 25. Qf5+ Rg6 26. hxg6+ fxg6 27. Qxg6# 1-0

[Event "POL-chT U19 Wielkopolskie"]
[Site "Poland"]
[Date "2016.04.02"]
[Round "7.2"]
[White "Janiszewski, Filip"]
[Black "Pabiszczak, Nikodem"]
[Result "1-0"]
[WhiteElo "1922"]
[BlackElo "1281"]
[PlyCount "92"]
[EventDate "2016.02.13"]
[EventType "team-tourn"]
[EventRounds "9"]
[EventCountry "POL"]
[SourceTitle "EXT 2019"]
[Source "ChessBase"]
[SourceDate "2018.10.10"]
[SourceVersion "1"]
[SourceVersionDate "2018.10.10"]
[SourceQuality "1"]

1. e4 e5 2. Nf3 Nc6 3. Bb5 Bc5 4. c3 Qf6 5. d3 a6 6. Ba4 b5 7. Bc2 Nh6 8. 0-0 0-0 9. Bg5 Qg6 10. Qd2 f6 11. Bxh6 Qxh6 12. Qxh6 gxh6 13. Nh4 d6 14. Bb3+ Kh8 15. Bd5 Bb7 16. Nf5 h5 17. Nd2 Nd8 18. Bb3 c6 19. Kh1 Bc8 20. Nh4 Ne6 21. Ndf3 Nf4 22. d4 Bb6 23. Rad1 Bg4 24. h3 Bxf3 25. Nxf3 exd4 26. Nxd4 Bxd4 27. Rxd4 Rad8 28. Rfd1 Rde8 29. f3 f5 30. exf5 Rxf5 31. Rxd6 Rg5 32. R1d2 Re1+ 33. Kh2 c5 34. Rd8+ Kg7 35. Rg8+ Kh6 36. Rxg5 Kxg5 37. h4+ Kf6 38. Kg3 Ke5 39. Rd8 c4 40. Re8+ Ne6 41. Bc2 h6 42. Bh7 Kf6 43. Bg8 Re5 44. Rxe6+ Rxe6 45. Bxe6 Kxe6 46. Kf4 Kf6 1-0

[Event "POL-ch U16"]
[Site "Karpacz"]
[Date "2015.03.19"]
[Round "6"]
[White "Janiszewski, Filip"]
[Black "Wisniewski, Jacek"]
[Result "1/2-1/2"]
[WhiteElo "1919"]
[BlackElo "1775"]
[PlyCount "60"]
[EventDate "2015.03.15"]
[EventType "swiss"]
[EventRounds "9"]
[EventCountry "POL"]
[SourceTitle "EXT 2017"]
[Source "ChessBase"]
[SourceDate "2016.10.25"]
[SourceVersion "1"]
[SourceVersionDate "2016.10.25"]
[SourceQuality "1"]

1. e4 c5 2. Nf3 d6 3. d4 cxd4 4. Nxd4 Nf6 5. Nc3 a6 6. Be3 e6 7. g4 b5 8. g5 Nfd7 9. Bg2 Bb7 10. f4 Be7 11. h4 b4 12. Nce2 Nb6 13. b3 N8d7 14. Qd2 d5 15. e5 Qc7 16. f5 exf5 17. 0-0 g6 18. e6 Nc5 19. exf7+ Kxf7 20. Nxf5 gxf5 21. Rxf5+ Ke8 22. Qd4 Rf8 23. Raf1 Ne6 24. Qxb6 Qxb6 25. Bxb6 Rc8 26. Re5 Rxf1+ 27. Kxf1 Kf7 28. Bh3 Rc6 29. Bxe6+ Rxe6 30. Rxe6 Kxe6 1/2-1/2

[Event "POL-ch U16"]
[Site "Karpacz"]
[Date "2015.03.16"]
[Round "2"]
[White "Janiszewski, Filip"]
[Black "Wisniewski, Michal"]
[Result "1/2-1/2"]
[WhiteElo "1919"]
[BlackElo "2096"]
[PlyCount "119"]
[EventDate "2015.03.15"]
[EventType "swiss"]
[EventRounds "9"]
[EventCountry "POL"]
[SourceTitle "EXT 2017"]
[Source "ChessBase"]
[SourceDate "2016.10.25"]
[SourceVersion "1"]
[SourceVersionDate "2016.10.25"]
[SourceQuality "1"]

1. e4 Nf6 2. e5 Nd5 3. d4 d6 4. Nf3 g6 5. c4 Nb6 6. exd6 cxd6 7. Be2 Bg7 8. Be3 0-0 9. 0-0 Nc6 10. h3 e5 11. Nc3 d5 12. dxe5 Nxc4 13. Bg5 Qa5 14. Nxd5 N4xe5 15. Nxe5 Bxe5 16. Bf6 Bxf6 17. Nxf6+ Kg7 18. Ng4 Rd8 19. Qc1 Bxg4 20. Bxg4 Ne5 21. Rd1 Nxg4 22. hxg4 Rxd1+ 23. Qxd1 Rd8 24. Qf3 Qd5 25. Qg3 Qd4 26. Re1 Qxb2 27. a3 Rc8 28. g5 Qc3 29. Re3 Qa1+ 30. Kh2 Rc1 31. Qd6 Rh1+ 32. Kg3 h5 33. Re8 h4+ 34. Kg4 Qd1+ 35. Qxd1 Rxd1 36. Re7 Rb1 37. Kxh4 Rb3 38. Kg4 a5 39. Kf4 a4 40. Kg4 Rb2 41. Kg3 Rb3+ 42. f3 Rxa3 43. Rxb7 Ra1 44. Ra7 a3 45. Kg4 Kf8 46. Kf4 a2 47. g3 Ke8 48. Kg4 Kd8 49. Kf4 Kc8 50. Kg4 Kb8 51. Ra3 Kb7 52. Ra4 Kb6 53. Ra3 Kb5 54. Ra8 Kc4 55. Rc8+ Kb3 56. Rb8+ Kc2 57. Rc8+ Kd2 58. Rd8+ Ke2 59. Ra8 Kf2 60. Ra7 1/2-1/2

[Event "POL Olympiad U14"]
[Site "Spala"]
[Date "2014.12.30"]
[Round "8.8"]
[White "Raczynski, Krzysztof"]
[Black "Janiszewski, Filip"]
[Result "1-0"]
[WhiteElo "1634"]
[BlackElo "1824"]
[PlyCount "99"]
[EventDate "2014.04.06"]
[EventType "swiss"]
[EventRounds "9"]
[EventCountry "POL"]
[SourceTitle "EXT 2023"]
[Source "ChessBase"]
[SourceDate "2022.10.05"]
[SourceVersion "1"]
[SourceVersionDate "2022.10.05"]
[SourceQuality "1"]

1. e4 e5 2. Nf3 Nc6 3. Bb5 a6 4. Ba4 Nf6 5. 0-0 b5 6. Bb3 Be7 7. Re1 d6 8. c3 0-0 9. d4 exd4 10. cxd4 Bg4 11. Qc2 Qd7 12. Nbd2 Na5 13. Qc3 Nxb3 14. Nxb3 Bxf3 15. Qxf3 c5 16. d5 Ng4 17. Bf4 Bf6 18. Bxd6 Qxd6 19. Qxg4 Bxb2 20. Rad1 c4 21. Nd4 Bxd4 22. Rxd4 Rfe8 23. Qg3 Qxg3 24. hxg3 f6 25. f3 Kf7 26. Kf2 Ke7 27. Ke3 Kd6 28. Rh1 h6 29. a3 Rac8 30. Rc1 Rc5 31. Rd2 a5 32. Kd4 Rb8 33. Rb2 Rc7 34. a4 Rcb7 35. Rxb5 Rxb5 36. axb5 Rxb5 37. Rxc4 Rb2 38. Ra4 Rxg2 39. g4 Rb2 40. Rxa5 Rb4+ 41. Kc3 Rb7 42. f4 g5 43. Ra6+ Ke7 44. e5 gxf4 45. Rxf6 Rb5 46. d6+ Kd7 47. Rf7+ Ke8 48. d7+ Kd8 49. e6 Rd5 50. Rf8+ 1-0

[Event "POL-chT3 Wielkopolskie 1415"]
[Site "Poland"]
[Date "2014.12.07"]
[Round "3.34"]
[White "Tomaszewski, Robert"]
[Black "Janiszewski, Filip"]
[Result "0-1"]
[WhiteElo "1703"]
[BlackElo "1788"]
[PlyCount "59"]
[EventDate "2014.11.30"]
[EventType "team-tourn"]
[EventRounds "11"]
[EventCountry "POL"]
[SourceTitle "EXT 2019"]
[Source "ChessBase"]
[SourceDate "2018.10.10"]
[SourceVersion "1"]
[SourceVersionDate "2018.10.10"]
[SourceQuality "1"]

1. d4 Nf6 2. c4 Nc6 3. a3 e5 4. dxe5 Nxe5 5. e3 b6 6. Nc3 Bb7 7. b3 g6 8. Ra2 Bg7 9. f4 Nc6 10. Nf3 0-0 11. Be2 Re8 12. 0-0 d6 13. Ng5 h6 14. Nh3 Nb8 15. Bf3 Qc8 16. Nd5 Nbd7 17. Nf2 Nc5 18. b4 Nce4 19. Nxf6+ Bxf6 20. Nxe4 Bxe4 21. Bxe4 Rxe4 22. Qd5 Qe8 23. Rf3 Rd8 24. Rc2 Bd4 25. Qb7 Bxe3+ 26. Rxe3 Rxe3 27. Bxe3 Qxe3+ 28. Rf2 Re8 29. Qc6 Qc1+ 30. Rf1 0-1

[Event "POL-chT U19 2nd League"]
[Site "Szczyrk"]
[Date "2014.07.28"]
[Round "6.8"]
[White "Janiszewski, Filip"]
[Black "Golenia, Jan"]
[Result "1-0"]
[WhiteElo "1825"]
[BlackElo "1624"]
[PlyCount "69"]
[EventDate "2014.07.25"]
[EventType "team-swiss"]
[EventRounds "11"]
[EventCountry "POL"]
[SourceTitle "EXT 2015"]
[Source "ChessBase"]
[SourceDate "2014.11.20"]
[SourceVersion "1"]
[SourceVersionDate "2014.11.20"]
[SourceQuality "1"]
[WhiteTeam "Kalisz KTS U19"]
[BlackTeam "Wieliczka MKS MOS U19"]
[WhiteTeamCountry "POL"]
[BlackTeamCountry "POL"]

1. e4 c5 2. Nf3 Nc6 3. d4 cxd4 4. Nxd4 e5 5. Nb5 a6 6. Nd6+ Bxd6 7. Qxd6 Qf6 8. Qd2 Qg6 9. Nc3 Nge7 10. h4 h5 11. Qg5 Qxg5 12. Bxg5 f6 13. Be3 b5 14. 0-0-0 Bb7 15. f3 Rc8 16. Bb6 Nd8 17. g3 Ne6 18. Bh3 Bc6 19. Rd6 Kf7 20. Rhd1 g6 21. Nd5 Rhg8 22. Bxe6+ dxe6 23. Nc7 g5 24. Nxe6 gxh4 25. Nd8+ Kg7 26. gxh4 Ng6 27. Nxc6 Rgf8 28. Rg1 Kh7 29. Rd7+ Kh6 30. Be3+ Nf4 31. Bxf4+ exf4 32. Ne7 Rc5 33. Rg6+ Kh7 34. Nf5+ Kxg6 35. Rg7# 1-0

[Event "POL-chT3 Wielkopolskie 1314"]
[Site "Poland"]
[Date "2014.01.05"]
[Round "5.22"]
[White "Sobczak, Miroslaw"]
[Black "Janiszewski, Filip"]
[Result "0-1"]
[WhiteElo "2000"]
[BlackElo "1797"]
[PlyCount "98"]
[EventDate "2013.10.27"]
[EventType "team-tourn"]
[EventRounds "11"]
[EventCountry "POL"]
[SourceTitle "EXT 2015"]
[Source "ChessBase"]
[SourceDate "2014.11.20"]
[SourceVersion "1"]
[SourceVersionDate "2014.11.20"]
[SourceQuality "1"]
[WhiteTeam "Gniezno LKS Chrobry II"]
[BlackTeam "Kalisz KTS"]
[WhiteTeamCountry "POL"]
[BlackTeamCountry "POL"]

1. e4 c5 2. Nf3 d6 3. d4 cxd4 4. Nxd4 Nf6 5. Nc3 a6 6. Bg5 e6 7. f4 h6 8. Bh4 Qb6 9. Bxf6 gxf6 10. Qd2 Qxb2 11. Nb3 Qa3 12. Be2 h5 13. 0-0 Nc6 14. Rad1 Be7 15. Bf3 Qb4 16. Rfe1 Qb6+ 17. Kh1 h4 18. h3 Qc7 19. Re3 Bd7 20. Nd5 exd5 21. exd5 Ne5 22. fxe5 fxe5 23. Rc3 Qd8 24. Rf1 Bg5 25. Qd1 Rc8 26. Rxc8 Qxc8 27. Bg4 Bxg4 28. Qxg4 Qxg4 29. hxg4 b6 30. Rf3 Bf4 31. Nd4 Rg8 32. Nf5 Kd7 33. Rc3 Rxg4 34. Rc6 Rg6 35. Rxb6 Rf6 36. Ng7 Bh6 37. Nh5 Rf5 38. g4 Rf2 39. Rb4 h3 40. Rb1 Kc7 41. Ng3 Bf4 42. Nh5 Bh6 43. Ng3 Rxc2 44. a4 Rc1+ 45. Rxc1+ Bxc1 46. Ne2 Bf4 47. a5 Bd2 48. Kh2 Bxa5 49. Kxh3 Kb6 0-1